01640 a2200289 45000010006000000050017000060080041000230030015000640400040000790800064001192450052001832640089002353000019003245050789003430410008011321000019011407000015011597000021011747000017011957000023012127000020012357000020012557000016012757000025012917000014013167000020013305845720260407155841.0260407a1970 arg spa dAR-UNSa-BCEJYS aAR-UNSa-BCEJYSbspacAR-UNSa-BCEJYS a658xAdministración de empresas. Organización comercial10aEnsayos sobre la ciencia de la administración 1aBuenos Aires :bICAP (Instituto Centroamericano de Administración Pública)c1970 a198 p.c27 cm. a1. Notas sobre la teoría de la organización / Luther Gulick - 2. La organización como un problema técnico / por L. Urwick - 3. Los principios de la organización / por James D. Mooney - 4. La teoría administrativa en el estado / por Henri Fayol - 5. La función de la administración / por L. Urwick - 6. La necesidad de mejorar la tecnología de las ciencias políticas / por Henry I. Denninson - 7. Los efectos del ambiente social / por L. J. Henderson, I. N. Whitehead y Elton Mayo - 8. El proceso del control / por Mary Parker Follet - 9. Los pros y los contras de la funcionalización / por John Lee - 10. Las relaciones dentro de la organización / por V. A. Graicunas - 11. La ciencia, los valores abstractos y la administración pública / por Luther Gulick aspa1 aGulick, Luther1 aUrwick, L.1 aMooney, James D.1 aFayol, Henri1 aDennison, Henry S.1 aHenderson, L.J.1 aWhitehead, T.N.1 aMayo, Elton1 aParker Follett, Mary1 aLee, John1 aGraicunas, V.A.